[Event "Women's Speed Chess Q2"]
[Site "chess.com INT"]
[Date "2020.06.19"]
[Round "1"]
[White "Enkhtuul, Altan-Ulzii"]
[Black "Gokbulut, Julia"]
[Result "0-1"]
[WhiteTitle "WGM"]
[BlackTitle "WFM"]
[WhiteElo "2228"]
[BlackElo "1970"]
[WhiteFideId "4901444"]
[BlackFideId "4153979"]
[EventDate "2020.06.19"]

1. d4 d5 2. Nf3 Nf6 3. c4 e6 4. g3 Bb4+ 5. Bd2 Be7 6. Bg2 O-O 7. Qc2 dxc4 8.
Qxc4 c6 9. O-O Qd5 10. Qc1 Ne4 11. Nc3 Nxc3 12. bxc3 Na6 13. c4 Qd8 14. e4 c5
15. d5 exd5 16. exd5 Bf6 17. Bc3 Nb4 18. a3 Na6 19. Rd1 Bg4 20. Qb2 Bxc3 21.
Qxc3 b6 22. Ne5 Bxd1 23. Rxd1 Qd6 24. Ng4 Nc7 25. Ne3 g6 26. Ng4 f6 27. f4 h5
28. Nf2 f5 29. Re1 Rfe8 30. Re5 b5 31. Nd3 Rab8 32. cxb5 Rxb5 33. a4 Rb1+ 34.
Kf2 c4 35. Qxc4 Qb6+ 36. Ke2 Rb2+ 37. Nxb2 Qxb2+ 38. Kf1 Qb1+ 39. Kf2 Qb2+ 40.
Qe2 Qb6+ 41. Kf1 Qb1+ 42. Qe1 Qd3+ 43. Kg1 Qd4+ 44. Kh1 Rxe5 45. fxe5 Nxd5 46.
e6 Ne3 47. Bc6 Kf8 48. Bd7 Ke7 49. Bc6 Kxe6 50. Bf3 Kf6 51. h3 Kg5 52. Kh2 f4
53. h4+ Kh6 54. Kh3 Qd7+ 55. Kh2 fxg3+ 56. Kxg3 Qd6+ 57. Kh3 Qe6+ 58. Kh2 Ng4+
59. Bxg4 Qxe1 60. Bh3 Qf2+ 61. Bg2 g5 62. hxg5+ Kxg5 63. a5 Kg4 64. a6 h4 65.
Kh1 Kg3 66. Bh3 Qh2# 0-1

[Event "Women's Speed Chess Q2"]
[Site "chess.com INT"]
[Date "2020.06.19"]
[Round "1"]
[White "Mohota, Nisha"]
[Black "Vantika, Agrawal"]
[Result "0-1"]
[WhiteTitle "IM"]
[BlackTitle "WIM"]
[WhiteElo "2195"]
[BlackElo "2286"]
[WhiteFideId "5004330"]
[BlackFideId "25050389"]
[EventDate "2020.06.19"]

1. Nf3 Nf6 2. d4 g6 3. Nbd2 Bg7 4. e4 d6 5. Bd3 O-O 6. O-O c5 7. c3 Nc6 8. h3 e5
9. dxc5 dxc5 10. Nc4 Qc7 11. a4 h6 12. Qc2 Be6 13. Ne3 Rad8 14. Bb5 Nh5 15. Rd1
Nf4 16. Bf1 Na5 17. c4 Rxd1 18. Qxd1 f5 19. Nd5 Nxd5 20. cxd5 Bd7 21. Bd3 c4 22.
Bc2 f4 23. Bd2 g5 24. Qe1 b6 25. Bxa5 bxa5 26. Nh2 Rb8 27. Qc3 Bf8 28. Rb1 Bb4
29. Qf3 Kg7 30. Ng4 Bd6 31. Kh1 Be8 32. Nh2 Rb4 33. Qe2 Qb6 34. Bd1 Qd4 35. Kg1
Qb6 36. Nf3 c3 37. Nh2 cxb2 38. Nf3 Bxa4 39. Bxa4 Rxa4 40. Qc2 Rb4 41. Ne1 a4
42. Kf1 a3 43. Nd3 Rb3 0-1

[Event "Women's Speed Chess Q2"]
[Site "chess.com INT"]
[Date "2020.06.19"]
[Round "1"]
[White "Goltseva, Ekaterina"]
[Black "Golubenko, Valentina"]
[Result "1/2-1/2"]
[WhiteTitle "FM"]
[BlackTitle "WGM"]
[WhiteElo "2306"]
[BlackElo "2209"]
[WhiteFideId "24173770"]
[BlackFideId "4501993"]
[EventDate "2020.06.19"]

1. d4 g6 2. c4 Bg7 3. e4 c5 4. d5 e6 5. Nc3 d6 6. Nf3 Ne7 7. Bd3 O-O 8. O-O exd5
9. cxd5 a6 10. a4 Nd7 11. h3 Qc7 12. Bf4 c4 13. Bc2 f5 14. e5 Nxe5 15. Bxe5 dxe5
16. d6 Qd7 17. dxe7 Qxe7 18. Qe2 e4 19. Nd2 Be6 20. Nxc4 Rac8 21. Nb6 Rc6 22.
Nbd5 Qc5 23. Rfd1 Rd8 24. Nf4 Rxd1+ 25. Rxd1 Bc4 26. Qe3 Qxe3 27. fxe3 g5 28.
Rd8+ Kf7 29. Rd7+ Kf8 30. Nfd5 Rc5 31. Nb6 Be6 32. Rd6 Ke7 33. Rd2 Bxc3 34. bxc3
Rxc3 35. Re2 Rc6 36. a5 Kd6 37. Kf2 Ke5 38. Rd2 f4 39. Ke2 Rc5 40. Bd1 Rxa5 41.
Ba4 Rc5 42. Bd7 Rc3 43. exf4+ gxf4 44. Bxe6 Kxe6 45. Nd5 Rg3 46. Nxf4+ Kf5 47.
Nd5 Rxg2+ 48. Ke3 Rxd2 49. Kxd2 Kg5 50. Ke3 Kh4 51. Kxe4 Kxh3 52. Kf3 a5 53. Nb6
h5 54. Na4 Kh2 55. Kf2 h4 56. Nb6 h3 57. Nc4 b5 58. Nxa5 b4 59. Nb3 Kh1 60. Nd4
h2 61. Nb3 1/2-1/2

[Event "Women's Speed Chess Q2"]
[Site "chess.com INT"]
[Date "2020.06.19"]
[Round "1"]
[White "Khomeriki, Nino"]
[Black "Xu, Yuanyuan"]
[Result "1/2-1/2"]
[WhiteTitle "WGM"]
[BlackTitle "WGM"]
[WhiteElo "2319"]
[BlackElo "2317"]
[WhiteFideId "13603191"]
[BlackFideId "8601089"]
[EventDate "2020.06.19"]

1. d4 d5 2. Nf3 Nf6 3. c4 c6 4. cxd5 cxd5 5. Nc3 Nc6 6. Bf4 Bf5 7. Rc1 e6 8. e3
Bd6 9. Bg5 O-O 10. Bd3 Bxd3 11. Qxd3 h6 12. Bh4 Be7 13. O-O Rc8 14. a3 Na5 15.
Ne5 Nc4 16. Nxc4 dxc4 17. Qe2 a6 18. Rcd1 b5 19. Rfe1 Nd5 20. Bxe7 Qxe7 21. Ne4
c3 22. Nc5 cxb2 23. Qxb2 Qa7 24. e4 Nb6 25. Qb4 Nc4 26. a4 Rb8 27. axb5 axb5 28.
Ra1 Qe7 29. h3 Rfc8 30. Na6 Qxb4 31. Nxb4 Kf8 32. d5 exd5 33. exd5 Nd6 34. Ra6
Nf5 35. g4 Nd4 36. Kg2 Rc4 37. Nc6 Nxc6 38. dxc6 Rc8 39. Rb6 b4 40. Rb1 R8xc6
41. Rxc6 Rxc6 42. Rxb4 Ke7 43. Kg3 Kf6 44. f3 g6 45. h4 Ke5 46. Rb5+ Kd4 47. Rb7
Rf6 48. Re7 Kd5 49. g5 hxg5 50. hxg5 Rf5 51. Kg4 Kd6 52. Re8 Kd7 53. Re1 Kd6 54.
f4 Ra5 55. Re8 Ra7 56. Re5 Rb7 57. Re1 Re7 58. Rd1+ Ke6 59. Re1+ Kd6 60. Ra1 Rb7
61. Re1 Re7 1/2-1/2

[Event "Women's Speed Chess Q2"]
[Site "chess.com INT"]
[Date "2020.06.19"]
[Round "1"]
[White "Anu, Bayar"]
[Black "Kiolbasa, Oliwia"]
[Result "1-0"]
[WhiteTitle "WFM"]
[BlackTitle "WIM"]
[WhiteElo "2102"]
[BlackElo "2160"]
[WhiteFideId "4901339"]
[BlackFideId "1154613"]
[EventDate "2020.06.19"]

1. d4 d5 2. c4 dxc4 3. Nf3 Nf6 4. e3 Bg4 5. Bxc4 e6 6. h3 Bh5 7. Nc3 a6 8. O-O
Nc6 9. Be2 Bd6 10. Nh4 Bxe2 11. Qxe2 O-O 12. Rd1 Re8 13. e4 Bf8 14. Be3 Nxe4 15.
Nxe4 f5 16. Bg5 Qc8 17. Nc3 h6 18. Be3 g5 19. Ng6 Bg7 20. f4 Qd8 21. Ne5 Nxe5
22. dxe5 Qe7 23. Qf2 Kh7 24. Rd2 Rad8 25. Rad1 c6 26. Bc5 Rxd2 27. Rxd2 Qf7 28.
Ne2 g4 29. hxg4 fxg4 30. g3 Qf5 31. Qe3 Qb1+ 32. Kg2 Rg8 33. Qd3+ Qxd3 34. Rxd3
h5 35. Rd7 Kg6 36. Bd6 b5 37. Rb7 Kf5 38. Rc7 h4 39. Rxc6 h3+ 40. Kh2 Ke4 41.
Rc2 Kd3 42. Rc3+ Kxe2 43. Rc6 Rd8 44. a3 Bf8 45. Rxa6 Rc8 46. Bxf8 Rc2 47. Rxe6
Kf3+ 48. Kg1 Rc1+ 49. Kh2 Rc2+ 50. Kg1 Kxg3 51. Kf1 h2 52. Rh6 Rc1+ 53. Ke2 h1=Q
54. Rxh1 Rxh1 55. e6 Rh2+ 56. Kd3 Rh7 57. e7 Rxe7 58. Bxe7 Kxf4 59. Bh4 g3 60.
Bxg3+ Kxg3 61. Kd4 Kf4 62. Kc5 Ke5 63. Kxb5 Kd5 64. b4 Kd4 65. a4 Kc3 66. a5 Kb3
67. a6 Kc3 68. a7 1-0

[Event "Women's Speed Chess Q2"]
[Site "chess.com INT"]
[Date "2020.06.19"]
[Round "1"]
[White "Keetman, Maaike"]
[Black "Mammadzada, Gunay"]
[Result "0-1"]
[WhiteTitle "WFM"]
[BlackTitle "IM"]
[WhiteElo "2169"]
[BlackElo "2443"]
[WhiteFideId "1033697"]
[BlackFideId "13403729"]
[EventDate "2020.06.19"]

1. e4 c5 2. Nf3 d6 3. d4 cxd4 4. Nxd4 Nf6 5. Nc3 a6 6. h3 Nc6 7. g4 Qb6 8. Nb3
e6 9. Be3 Qc7 10. Bg2 Be7 11. O-O O-O 12. f4 b5 13. e5 dxe5 14. fxe5 Nd7 15. Bf4
Bb7 16. Qe2 b4 17. Ne4 Ncxe5 18. Rad1 Rad8 19. Kh1 Bd5 20. Nd4 Bc4 21. Qf2 Bxf1
22. Rxf1 Qc8 23. Qg3 Ng6 24. Nc6 Bh4 25. Qxh4 Nxh4 26. Ne7+ Kh8 27. Nxc8 Nxg2
28. Kxg2 Rxc8 29. Rf2 e5 30. Be3 f6 31. Nd6 Rc6 32. Nf5 Rfc8 33. Ne7 Rxc2 34.
Nxc8 Rxc8 35. Rd2 Nb8 36. Kf3 Kg8 37. Ke4 Kf7 38. Rf2 Ke6 39. Bd2 g6 40. Kd3 a5
41. a3 Na6 42. axb4 axb4 43. Re2 Nc5+ 44. Ke3 b3 45. Bc3 Na4 46. Bb4 Rc2 47.
Rxc2 bxc2 48. Kd2 Nxb2 49. Kxc2 Nc4 50. Kd3 Kd5 51. Be7 f5 52. gxf5 gxf5 53. Bf6
e4+ 54. Ke2 f4 55. Bg5 f3+ 56. Kf2 Ke6 57. Bf4 Kf5 58. Bc1 Ne5 59. Ke3 f2 60.
Ke2 Nd3 61. Be3 h5 62. Bd4 Kf4 63. Bxf2 Nxf2 64. Kxf2 h4 65. Ke2 Kg3 66. Ke3
Kxh3 67. Kxe4 Kg2 0-1

[Event "Women's Speed Chess Q2"]
[Site "chess.com INT"]
[Date "2020.06.19"]
[Round "1"]
[White "Vittal, Sanjana"]
[Black "Sihite, Chelsie Monica Ignesias"]
[Result "1-0"]
[WhiteTitle "WFM"]
[BlackTitle "WIM"]
[WhiteElo "1961"]
[BlackElo "2252"]
[WhiteFideId "2097486"]
[BlackFideId "7101198"]
[EventDate "2020.06.19"]

1. e4 c6 2. Nc3 d5 3. Nf3 d4 4. Ne2 c5 5. c3 Nc6 6. cxd4 cxd4 7. Qa4 Nf6 8.
Nexd4 Bd7 9. Nxc6 Bxc6 10. Bb5 Qb6 11. Bxc6+ bxc6 12. O-O e6 13. d3 Bc5 14. b4
Be7 15. Be3 Qb7 16. Rab1 O-O 17. b5 c5 18. Rfc1 Rad8 19. Qc4 Nd7 20. a4 Rc8 21.
a5 Rfd8 22. h3 h6 23. Bd2 Bd6 24. Ra1 Bb8 25. a6 Qc7 26. Ba5 Nb6 27. Bxb6 Qxb6
28. g3 Kh7 29. Nd2 Rd4 30. Qc3 Be5 31. Nc4 Qb8 32. Nxe5 Qxe5 33. Kg2 g5 34. Ra4
Rcd8 35. Rxd4 Rxd4 36. Qxc5 Qf6 37. Qxa7 Rxd3 38. Rc7 Qf3+ 39. Kh2 Kg7 40. Rxf7+
Qxf7 41. Qxf7+ Kxf7 42. b6 Rb3 43. a7 Rxb6 44. a8=Q Rd6 45. Qb7+ Kf6 46. Qb2+ e5
47. Qb4 Rd4 48. Qf8+ Kg6 49. Qe8+ Kf6 50. Qf8+ Kg6 51. Qe8+ Kf6 52. g4 Rd2 53.
Kg3 Rd3+ 54. f3 Rd4 55. Qf8+ Kg6 56. h4 gxh4+ 57. Kxh4 Rd1 58. Qe8+ Kf6 59. Kg3
Rg1+ 60. Kf2 Rd1 61. Ke3 Re1+ 62. Kf2 Rd1 63. Qf8+ Kg6 64. Qg8+ Kf6 65. Qh7 Rh1
66. Qh8+ Kg6 67. Kg2 Rc1 68. Qxe5 Rc2+ 69. Kg3 Rc6 70. Qf5+ Kg7 71. e5 Rg6 72.
e6 Rf6 73. Qe5 Kg6 74. f4 h5 75. Qxf6+ Kxf6 76. gxh5 Kxe6 77. Kg4 Kf6 78. Kh4
Kf5 79. Kg3 Kf6 80. Kg4 Kg7 81. f5 Kh6 82. f6 Kh7 83. Kf5 Kg8 84. Ke6 Kf8 85. h6
Kg8 86. Ke7 Kh8 87. f7 Kh7 88. f8=Q Kg6 89. h7 Kh5 90. h8=Q+ 1-0

[Event "Women's Speed Chess Q2"]
[Site "chess.com INT"]
[Date "2020.06.19"]
[Round "1"]
[White "Zavivaeva, Emilia"]
[Black "Dwilewicz, Katarzyna"]
[Result "0-1"]
[WhiteTitle "WCM"]
[BlackTitle "WFM"]
[WhiteElo "1735"]
[BlackElo "2120"]
[WhiteFideId "34127531"]
[BlackFideId "1148486"]
[EventDate "2020.06.19"]

1. e4 e5 2. Nf3 Nc6 3. Nc3 Nf6 4. d4 exd4 5. Nxd4 Bb4 6. Nxc6 bxc6 7. Bd3 d5 8.
exd5 O-O 9. O-O cxd5 10. Bg5 c6 11. Qf3 Be7 12. Rfe1 Rb8 13. b3 Be6 14. Rad1 Re8
15. Ne2 Rb4 16. h3 h6 17. Bd2 Rb8 18. Nf4 Bd7 19. Qg3 Kh8 20. Bc3 Bd6 21. Qf3
Bb4 22. Bxb4 Rxb4 23. Nh5 Nxh5 24. Qxh5 Qf6 25. a3 Rf4 26. Rxe8+ Bxe8 27. Qe2
Bd7 28. g3 Rd4 29. Kg2 Qe6 30. Re1 Qxe2 31. Rxe2 g6 32. h4 Kg7 33. Re7 Be6 34.
Rxa7 c5 35. a4 c4 36. bxc4 dxc4 37. Bf1 Rd2 38. c3 Rc2 39. Rc7 Rxc3 40. a5 Bd5+
41. Kh2 Rc1 42. Kg1 c3 43. a6 Be4 44. a7 c2 45. Rc8 Ra1 46. Rxc2 Bxc2 47. Kg2
Be4+ 48. Kg1 Rxa7 49. Kh2 Ra1 50. Bg2 Bxg2 51. Kxg2 Kf6 52. h5 gxh5 53. Kh2 Kg5
54. Kg2 Ra2 55. Kg1 f5 56. Kg2 h4 57. gxh4+ Kxh4 58. Kf3 Kg5 59. Kg3 h5 60. Kg2
Ra3 61. Kg1 Kf4 62. Kh2 Kf3 63. Kg1 Ra1+ 64. Kh2 Kxf2 65. Kh3 Rh1# 0-1

[Event "Women's Speed Chess Q2"]
[Site "chess.com INT"]
[Date "2020.06.19"]
[Round "1"]
[White "Harika, Dronavalli"]
[Black "Koridze, Lile"]
[Result "0-1"]
[WhiteTitle "GM"]
[BlackTitle "WFM"]
[WhiteElo "2515"]
[BlackElo "1996"]
[WhiteFideId "5015197"]
[BlackFideId "13612514"]
[EventDate "2020.06.19"]

1. Nf3 d5 2. c4 e6 3. g3 Nf6 4. Bg2 Be7 5. O-O O-O 6. d4 c6 7. Qc2 b6 8. Rd1 a5
9. Bf4 Ba6 10. Ne5 dxc4 11. Nxc4 Nbd7 12. Ne5 Nxe5 13. dxe5 Nd5 14. Nc3 Qc8 15.
Ne4 Qc7 16. a3 Rfd8 17. Rac1 Rac8 18. Bf3 Nxf4 19. gxf4 Rd5 20. Nc3 Rxd1+ 21.
Rxd1 Rd8 22. e3 c5 23. Ne4 h6 24. Kg2 Bb7 25. Qe2 Bc6 26. Nc3 Qb7 27. Rxd8+ Bxd8
28. Bxc6 Qxc6+ 29. Qf3 Qxf3+ 30. Kxf3 Kf8 31. Ke4 Ke7 32. Kd3 Kd7 33. Kc4 Kc6
34. a4 Be7 35. Ne4 Bf8 36. b3 Be7 37. h3 Bf8 38. f3 Be7 39. Nc3 Bf8 40. e4 Be7
41. Ne2 Bh4 42. Nc1 Bg3 43. Nd3 Bh4 44. f5 Bg3 45. f4 g6 46. fxe6 fxe6 47. Kc3
Bh2 48. Kd2 Bg3 49. Ke3 b5 50. axb5+ Kxb5 51. Kf3 Bh4 52. Ke2 c4 53. bxc4+ Kxc4
54. f5 gxf5 55. exf5 exf5 56. e6 Kd5 57. Kf3 Kxe6 58. Nf4+ Kd6 59. Nd3 Bg5 60.
Nb2 Kc5 61. Ke2 Kb4 62. Kd1 Kb3 63. Nd3 a4 64. Nc5+ Kb4 65. Ne6 a3 66. Kc2 f4
67. Nd4 Kc4 68. Nf3 Kd5 69. Kb3 Ke4 70. Nd2+ Ke3 71. Nc4+ Ke2 72. Ne5 f3 73. Ng4
f2 74. Nxf2 Kxf2 75. Kxa3 Kg3 76. Kb3 Kxh3 77. Kc2 Kg2 78. Kd3 h5 79. Ke2 h4 0-1

[Event "Women's Speed Chess Q2"]
[Site "chess.com INT"]
[Date "2020.06.19"]
[Round "1"]
[White "Gaponenko, Inna"]
[Black "Munkhzul, Turmunkh"]
[Result "0-1"]
[WhiteTitle "IM"]
[BlackTitle "WIM"]
[WhiteElo "2396"]
[BlackElo "2278"]
[WhiteFideId "14101181"]
[BlackFideId "4901878"]
[EventDate "2020.06.19"]

1. e4 c5 2. Nf3 d6 3. d4 cxd4 4. Nxd4 Nf6 5. Nc3 a6 6. Be3 e5 7. Nb3 Be6 8. Qd2
Nbd7 9. O-O-O Be7 10. f4 b5 11. f5 Bc4 12. g4 Nxg4 13. Rg1 Ndf6 14. h3 Nxe3 15.
Qxe3 Bxf1 16. Rdxf1 b4 17. Nd1 h6 18. Kb1 Kf8 19. Nf2 a5 20. Nd3 Qc7 21. Nd2 Rc8
22. Rc1 Kg8 23. Rg2 Kh7 24. Qg3 Rhg8 25. Nf3 Nxe4 26. Qg4 Ng5 27. Nh2 d5 28. h4
Ne4 29. Nf3 Nf6 30. Qh3 Nh5 31. Nfxe5 Bf6 32. Qf3 Bxe5 33. Nxe5 Qxe5 34. Qxh5
Qf6 35. Rcg1 Rc4 36. Rg4 Rxg4 37. Qxg4 Re8 38. b3 Re4 39. Qf3 Qxh4 40. Qd3 Qf2
41. Rd1 Qxf5 42. Qxd5 Qxd5 43. Rxd5 g5 44. Rxa5 g4 45. Rf5 Kg6 46. Rf1 f5 47.
Kc1 f4 48. Kd2 f3 49. c4 Re2+ 50. Kd3 Rxa2 51. c5 Ra5 52. Kc4 Kf5 53. Kxb4 Ra2
54. c6 Kf4 55. Kb5 g3 56. c7 Rc2 57. Kb6 g2 58. Rg1 Kg3 59. b4 f2 60. Rxg2+ Kxg2
61. b5 f1=Q 62. Ka6 Rxc7 63. Kb6 Qxb5+ 64. Kxb5 h5 65. Kb6 h4 66. Kxc7 h3 67.
Kd6 h2 68. Kd5 h1=Q 69. Kd4 Qe1 70. Kd3 Kf3 71. Kd4 Qe3+ 72. Kc4 Qd2 73. Kc5 Qd3
74. Kc6 Qd4 75. Kb5 Qc3 76. Kb6 Qc4 77. Kb7 Qc5 78. Kb8 Qc6 79. Ka7 Qb5 80. Ka8
Ke4 0-1

[Event "Women's Speed Chess Q2"]
[Site "chess.com INT"]
[Date "2020.06.19"]
[Round "1"]
[White "Zakirova, Aisha"]
[Black "Chitlange, Sakshi"]
[Result "0-1"]
[WhiteTitle "WCM"]
[BlackTitle "WIM"]
[WhiteElo "1585"]
[BlackElo "2167"]
[WhiteFideId "13719734"]
[BlackFideId "35002899"]
[EventDate "2020.06.19"]

1. d4 Nf6 2. c4 e6 3. Nf3 Bb4+ 4. Bd2 Qe7 5. g3 Nc6 6. Bg2 Bxd2+ 7. Nbxd2 O-O 8.
O-O d6 9. e4 e5 10. d5 Nb8 11. Qc2 a5 12. b3 Na6 13. a3 Bd7 14. Rab1 c6 15. b4
axb4 16. axb4 c5 17. bxc5 Nxc5 18. Ra1 Bg4 19. h3 Bxf3 20. Bxf3 Qc7 21. Nb3 Nxb3
22. Qxb3 Nd7 23. Rab1 Nc5 24. Qb6 Qe7 25. Bg2 f5 26. exf5 Rxf5 27. Ra1 Raf8 28.
Ra2 Qf6 29. Rd2 e4 30. Qb2 Qf7 31. Qd4 Nb3 32. Qc3 Nxd2 33. Qxd2 Re5 34. Qe3 Qf5
35. Rb1 Rf7 36. c5 dxc5 37. Qxc5 Rxd5 38. Qe3 Qd7 39. Bxe4 Rd1+ 40. Rxd1 Qxd1+
41. Kg2 g6 42. Bf3 Qd7 43. Qb3 Kg7 44. Qc3+ Kg8 45. Qc4 Kh8 46. Qc3+ Rg7 47. Qc5
h6 48. Qf8+ Kh7 49. Qf6 Rf7 50. Qc3 Qf5 51. h4 h5 52. Qe3 b5 53. Be4 Qf6 54. Qc5
Re7 55. Bf3 Rf7 56. Qxb5 Qxf3+ 57. Kh2 Qxf2+ 58. Kh3 Qf1+ 59. Kh2 Qxb5 0-1

[Event "Women's Speed Chess Q2"]
[Site "chess.com INT"]
[Date "2020.06.19"]
[Round "1"]
[White "Antolak, Julia"]
[Black "Nurmanova, Alua"]
[Result "1-0"]
[WhiteTitle "WIM"]
[BlackTitle "WFM"]
[WhiteElo "2323"]
[BlackElo "2026"]
[WhiteFideId "1159569"]
[BlackFideId "13729390"]
[EventDate "2020.06.19"]

1. e4 c5 2. Nf3 d6 3. d4 cxd4 4. Nxd4 Nf6 5. Nc3 a6 6. Bg5 e6 7. f4 Qc7 8. Qf3
Nc6 9. O-O-O Be7 10. Nb3 Bd7 11. Kb1 O-O-O 12. Be2 Kb8 13. Rhe1 Rc8 14. Bf1 Rhd8
15. Rd2 Be8 16. Red1 Na5 17. Bh4 b5 18. Bf2 b4 19. Ne2 Nc4 20. Rd4 e5 21. fxe5
dxe5 22. Rxd8 Bxd8 23. Nec1 Bd7 24. h3 Be6 25. Nc5 Qa5 26. N1b3 Qb5 27. Nxe6
fxe6 28. Qd3 Bb6 29. Bxb6 Qxb6 30. Be2 g6 31. g4 Qe3 32. Qxe3 Nxe3 33. Rc1 Nxe4
34. Bxa6 Rc6 35. Bd3 Nc5 36. Nxc5 Rxc5 37. Re1 Nd5 38. Re4 Kc7 39. Kc1 Kc6 40.
Rxe5 Kd6 41. Re1 Nf4 42. Bf1 Rd5 43. Rd1 e5 44. Rxd5+ Kxd5 45. Kd2 Kd4 46. c3+
bxc3+ 47. bxc3+ Kc5 48. a4 e4 49. a5 Nd5 50. a6 Nc7 51. Ke3 Kd5 52. a7 Kc5 53.
Kxe4 Kb6 54. Ke5 Kxa7 55. Kf6 Nd5+ 56. Kg7 Nxc3 57. Kxh7 g5 58. Kg6 Ne4 59. Kf5
Ng3+ 60. Kxg5 Nxf1 61. h4 Ne3 62. h5 Nc4 63. h6 Nd6 64. h7 Nf7+ 65. Kf6 Nh8 66.
Kg7 Kb6 67. Kxh8 Kc7 68. Kg7 Kd7 69. h8=Q Ke7 70. Qf8+ Ke6 71. Qf5+ Kd6 72. g5 1-0

[Event "Women's Speed Chess Q2"]
[Site "chess.com INT"]
[Date "2020.06.19"]
[Round "1"]
[White "Kirchei, Viktoriia"]
[Black "Khotenashvili, Bela"]
[Result "0-1"]
[WhiteTitle "WFM"]
[BlackTitle "GM"]
[WhiteElo "2207"]
[BlackElo "2458"]
[WhiteFideId "34133396"]
[BlackFideId "13602640"]
[EventDate "2020.06.19"]

1. e4 c6 2. d4 d5 3. exd5 cxd5 4. Bd3 Nc6 5. c3 Qc7 6. h3 g6 7. Nf3 Bg7 8. O-O
Nf6 9. Na3 O-O 10. Nb5 Qd8 11. Bf4 a6 12. Na3 Bf5 13. Be2 Ne4 14. Nc2 Re8 15.
Ne3 Qd7 16. Qb3 Be6 17. Rad1 f6 18. c4 Na5 19. Qb4 Nxc4 20. Nxc4 dxc4 21. Bxc4
Bxc4 22. Qxc4+ Kh8 23. d5 Nd6 24. Qd3 Qb5 25. Bxd6 exd6 26. Qa3 Qb6 27. Nd4 f5
28. Ne6 Be5 29. Qd3 Rac8 30. Rb1 Qb5 31. Qxb5 axb5 32. b3 Rc2 33. a4 b4 34. Rfc1
Rec8 35. Rd1 R8c3 36. Nd8 b6 37. Nf7+ Kg7 38. Nxe5 dxe5 39. d6 Rc8 40. d7 Rd8
41. Rd6 Kf7 42. Rbd1 Rc3 43. Rxb6 Rxb3 44. a5 Ra3 45. Rxb4 Rxa5 46. Rb7 Ke6 47.
Rc7 Ra6 48. Rb7 Rd6 49. Rxd6+ Kxd6 50. Rb1 Rxd7 51. Kh2 Ke6 52. Re1 e4 53. Kg3
Ke5 54. h4 Rd3+ 55. Kh2 Rd2 56. Kg1 Kf4 57. g3+ Kg4 58. Kg2 h6 59. Re3 g5 60.
hxg5 hxg5 61. Re1 Rd4 62. Re3 f4 63. gxf4 gxf4 64. Re1 Kf5 65. Kh2 Rd2 66. Kg1
Rc2 67. Kf1 Rc4 68. Kg1 f3 69. Kh2 Kf4 70. Kg1 Rc2 71. Kf1 Rd2 72. Kg1 Re2 73.
Rd1 e3 74. fxe3+ Kg3 75. Rf1 Rg2+ 76. Kh1 Rh2+ 77. Kg1 f2+ 0-1

[Event "Women's Speed Chess Q2"]
[Site "chess.com INT"]
[Date "2020.06.19"]
[Round "1"]
[White "Schulze, Lara"]
[Black "Yakimova, Mariya"]
[Result "0-1"]
[WhiteTitle "FM"]
[BlackTitle "WFM"]
[WhiteElo "2314"]
[BlackElo "2269"]
[WhiteFideId "12956830"]
[BlackFideId "34188859"]
[EventDate "2020.06.19"]

1. e4 c5 2. Nf3 Nc6 3. d4 cxd4 4. Nxd4 Nf6 5. Nc3 e5 6. Ndb5 d6 7. Bg5 a6 8. Na3
b5 9. Nd5 Be7 10. Bxf6 Bxf6 11. c3 O-O 12. Nc2 Bg5 13. a4 bxa4 14. Rxa4 a5 15.
Bc4 Rb8 16. b3 Kh8 17. h4 Bh6 18. g4 Bf4 19. Qf3 Be6 20. Nxf4 Qf6 21. g5 Qxf4
22. Qxf4 exf4 23. Kd2 Bxc4 24. Rxc4 Ne5 25. Ra4 Rxb3 26. Rd4 Nf3+ 27. Kd3 Nxd4
28. Nxd4 Rb2 29. Ra1 Ra8 30. f3 a4 31. Ra3 Rh2 32. Nf5 g6 33. Nxd6 Kg7 34. c4
Rf2 35. Kd4 Rd2+ 36. Ke5 Ra5+ 37. Nb5 h6 38. Kxf4 hxg5+ 39. hxg5 Rc2 40. Nd6 Ra6
41. e5 Rb2 42. Ke4 Rb3 43. Nb5 Rxa3 44. Nxa3 Rb6 45. Nb5 Ra6 46. Na3 Kf8 47. Kd5
Ke7 48. c5 Kd7 49. Kc4 Kc6 50. f4 Ra8 51. f5 gxf5 52. e6 fxe6 53. g6 f4 54. Nc2
a3 55. g7 a2 56. Nb4+ Kc7 57. Nxa2 f3 58. Nc3 Rg8 59. Nb5+ Kd7 60. c6+ Kxc6 61.
Nd4+ Kd7 62. Nxf3 Rxg7 63. Kd4 Kd6 64. Ke4 Rg4+ 65. Ke3 Ra4 66. Nd2 Kd5 67. Nf3
e5 68. Ke2 Ra2+ 69. Nd2 e4 70. Ke3 Ra3+ 71. Ke2 Kd4 72. Kd1 Ra1+ 73. Ke2 Ra2 74.
Ke1 e3 75. Nf3+ Ke4 76. Ng5+ Kd3 77. Kf1 Ra1+ 78. Kg2 e2 79. Nf3 Ke3 80. Ne1
Rxe1 0-1

[Event "Women's Speed Chess Q2"]
[Site "chess.com INT"]
[Date "2020.06.19"]
[Round "1"]
[White "Meenakshi, Subbaraman"]
[Black "Divya, Deshmukh"]
[Result "0-1"]
[WhiteTitle "WGM"]
[BlackTitle "WIM"]
[WhiteElo "2171"]
[BlackElo "2305"]
[WhiteFideId "5004381"]
[BlackFideId "35006916"]
[EventDate "2020.06.19"]

1. d4 Nf6 2. Nf3 e6 3. g3 b6 4. Bg2 Bb7 5. O-O Be7 6. c4 O-O 7. Nc3 d5 8. Ne5
Nbd7 9. Bf4 c6 10. b3 Rc8 11. Nxd7 Qxd7 12. e4 dxe4 13. Nxe4 c5 14. dxc5 Bxe4
15. Qxd7 Nxd7 16. Bxe4 Nxc5 17. Bf3 Rfd8 18. Rad1 Nd3 19. Be3 Nb4 20. a4 e5 21.
Rxd8+ Rxd8 22. Rd1 Rxd1+ 23. Bxd1 Nc6 24. Kg2 f5 25. f3 Kf7 26. Bd2 Ke6 27. Bc2
Nd4 28. Bd1 Bc5 29. a5 Nc6 30. axb6 axb6 31. Kf1 g6 32. Kg2 Bb4 33. Be3 Bc5 34.
Bc1 e4 35. fxe4 fxe4 36. Bg4+ Ke5 37. Bb2+ Bd4 38. Bc1 Na5 39. Bd1 Bc5 40. Bb2+
Bd4 41. Ba3 Nb7 42. b4 Bc3 43. Kf2 Kd4 44. Be2 Bd2 45. Bb2+ Bc3 46. Bc1 Bxb4 47.
Be3+ Ke5 48. Bxb6 Ba3 49. Bg4 Nc5 50. Ke3 Bc1+ 51. Ke2 Kd4 52. Ba7 Kxc4 53. Bxc5
Kxc5 54. Be6 Kd4 55. Bg8 h6 56. Bf7 g5 57. h3 Be3 58. g4 Bf4 59. Bg6 Ke5 60. Bf5
Bc1 61. Bg6 Kf4 62. Bf5 e3 63. Kd1 Bd2 64. Ke2 Kg3 65. Bd3 Kxh3 66. Kf3 Kh2 67.
Be2 Kg1 68. Kg3 Be1+ 69. Kf3 Bf2 70. Bd1 Kf1 71. Be2+ Ke1 72. Bd3 Kd2 73. Be2
Ke1 74. Bd3 Kd2 75. Be2 h5 76. Bb5 h4 77. Bf1 Ke1 78. Bg2 e2 79. Ke4 Bg1 80. Kf3
Kd1 81. Bf1 exf1=Q+ 82. Ke4 Qg2+ 83. Kf5 h3 84. Kxg5 h2 85. Kf6 h1=Q 86. g5 Qhh3
87. g6 Qhf3+ 88. Kg7 Bd4+ 89. Kh7 Qfh3+ 0-1

[Event "Women's Speed Chess Q2"]
[Site "chess.com INT"]
[Date "2020.06.19"]
[Round "2"]
[White "Doluhanova, Evgeniya"]
[Black "Dordzhieva, Dinara"]
[Result "0-1"]
[WhiteTitle "WGM"]
[BlackTitle "WIM"]
[WhiteElo "2229"]
[BlackElo "2354"]
[WhiteFideId "14112035"]
[BlackFideId "24157570"]
[EventDate "2020.06.19"]

1. Nf3 d5 2. b3 Bf5 3. Bb2 c6 4. e3 h6 5. c4 Nf6 6. Nc3 e6 7. Be2 Be7 8. O-O O-O
9. Rc1 Nbd7 10. h3 Re8 11. a3 a6 12. b4 e5 13. cxd5 cxd5 14. d4 e4 15. Ne5 Bd6
16. Nxd7 Qxd7 17. Na4 Bxh3 18. gxh3 Qxh3 19. f4 exf3 20. Rxf3 Bh2+ 21. Kh1 Bg3+ 0-1

[Event "Women's Speed Chess Q2"]
[Site "chess.com INT"]
[Date "2020.06.19"]
[Round "2"]
[White "Vifleemskaia, Svetlana"]
[Black "Zakirova, Aisha"]
[Result "1/2-1/2"]
[WhiteTitle "WFM"]
[BlackTitle "WCM"]
[WhiteElo "1943"]
[BlackElo "1585"]
[WhiteFideId "4129490"]
[BlackFideId "13719734"]
[EventDate "2020.06.19"]

1. d4 Nf6 2. c4 e6 3. Nc3 Bb4 4. e3 Bxc3+ 5. bxc3 O-O 6. Bd3 b6 7. e4 Nc6 8. Nf3
Na5 9. O-O Ba6 10. Qe2 Qe7 11. e5 Ne8 12. Bxh7+ Kxh7 13. Ng5+ Kg6 14. Qe4+ f5
15. exf6+ Kxf6 16. Qe5+ Kg6 17. Qe4+ Kf6 18. Qe5+ Kg6 19. Qe4+ Kf6 1/2-1/2